logo

Bir Sreshtho Munshi Abdur Rouf Library
Jhenaidah Cadet College

Communicative Conversation in English / (Record no. 5912)

MARC details
000 -LEADER
fixed length control field 00638nam a2200229 a 4500
001 - CONTROL NUMBER
JCCL Control Number 5912
003 - CONTROL NUMBER IDENTIFIER
JCCL marc code BD-JhCC
005 - DATE AND TIME OF LATEST TRANSACTION
control field 20210927134020.0
008 - FIXED-LENGTH DATA ELEMENTS--GENERAL INFORMATION
fixed length control field 171230s2000 bg a|||| ||a| 00| 0 eng d
035 ## - SYSTEM CONTROL NUMBER
system control number (BD-JhCC)5912
040 ## - CATALOGING SOURCE
Original cataloging agency BD-JhCC
Modifying agency BD-JhCC
041 ## - LANGUAGE CODE
Language code of Book eng
082 ## - DEWEY DECIMAL CLASSIFICATION NUMBER
Classification number 420
Author mark and Year COM 2000
100 ## - MAIN ENTRY--PERSONAL NAME
Personal name Begum, Syeda Sanjida
245 ## - TITLE STATEMENT
Title Communicative Conversation in English /
Statement of responsibility, etc Syeda Sanjida Begum, Ahsanul haque ( Four Chapter)
260 ## - PUBLICATION, DISTRIBUTION, ETC. (IMPRINT)
Place of publication, distribution, etc Dhaka :
Name of publisher, distributor, etc Solaimany Printers,
Date of publication, distribution, etc 2000.
300 ## - PHYSICAL DESCRIPTION
Pagination 125 p. :
Other physical details ills;
Dimensions 21 cm.
650 ## - SUBJECT ADDED ENTRY--TOPICAL TERM
Topical term or geographic name as entry element English Education
700 ## - ADDED ENTRY--PERSONAL NAME
Personal name haque, Ahsanul
942 ## - ADDED ENTRY ELEMENTS (KOHA)
Source of classification or shelving scheme Dewey Decimal Classification
Koha item type Books
Koha issues (borrowed), all copies 2
Holdings
Source of classification or shelving scheme Damaged status Not for loan Home library Current library Shelving location Cost, normal purchase price Total Checkouts Full call number Barcode Date last seen Date checked out Copy number Koha item type
Dewey Decimal Classification     JCC Rouf Library JCC Rouf Library General Stacks 160.00 1 420 COM 2000 8194 10/03/2021 09/26/2021 C - 1 Books

JCC Library | Contacts | JCC Home

Last Update on 23 September 2017
Copyright @ 2017-2020 JCC Rouf Library
Rouf Library, Jhenidah Cadet College (JCC), Bangladesh